000 01464cam a22004574i 4500
003 PE-LiUPU
005 20250731173237.0
008 150625s r 000 0 d
020 _a843011100
035 _a(Sirsi) i843011100
040 _aPE-LiUPU
_bspa
_cPE-LiUPU
_erda
049 _aPRUA
082 0 4 _a230.25
_bBUL
_221
100 1 _aSchweizer, Eduard,
_eautor.
245 1 3 _aEl Sermón de la Montaña /
_cEduard Schweizer ; [Víctor A. Martínez de Lapera].
264 1 _aSalamanca :
_bSígueme,
_c1990.
300 _a154 páginas ;
_c21 centímetros
336 _atext
_2rdacontent
337 _aunmediated
_2rdamedia
338 _avolume
_2rdacarrier
490 0 _aBiblia y Catequesis ;
_v12
505 0 _aExegesis. -El sermon de la montaña.
526 _aSEG42
526 _aSEG41
526 _aSEG40
526 _aSEG39
526 _aP94
526 _aP87
526 _aP86
526 _aP85
526 _aP77
526 _aP76
526 _aP35
650 0 4 _aSermón de la montaña.
_91528
942 _2ddc
_cBOOK
949 _a230.25 BC 12
_wDEWEY
_c1
_i37200
_lCCODEBUL1
_mBUL
_r0
_sY
_tBOOK
_u2015-6-25
_xTEOLOGIA
_zUNKNOWN
_0COMPRA
_o.STAFF. Colección General
994 _aC0
_bPEPRU
596 _a1
999 _a230.25 BC 12
_wDEWEY
_c43011
_i37200
_f2021-11-9
_g5
_lCCODEBUL1
_mBUL
_q1
_r0
_sY
_tBOOK
_u2015-6-25
_xTEOLOGIA
_zUNKNOWN
_0COMPRA
_o.STAFF. Colección General
_d43011
980 _81
_gALBERTO SANCHEZ Responsable de Automatización